| 000 -LEADER |
| fixed length control field |
01011cam a22002298i 4500 |
| 001 - CONTROL NUMBER |
| control field |
20726522 |
| 005 - DATE AND TIME OF LATEST TRANSACTION |
| control field |
20221107170014.0 |
| 008 - FIXED-LENGTH DATA ELEMENTS--GENERAL INFORMATION |
| fixed length control field |
181031s2019 enk 000 0 eng |
| 020 ## - INTERNATIONAL STANDARD BOOK NUMBER |
| International Standard Book Number |
9781138208001 X |
| 041 ## - LANGUAGE CODE |
| Language code of text/sound track or separate title |
eng |
| 080 ## - UNIVERSAL DECIMAL CLASSIFICATION NUMBER |
| Universal Decimal Classification number |
364+37 N-52 |
| 100 1# - MAIN ENTRY--PERSONAL NAME |
| Personal name |
Newstead, Shelly |
| 9 (RLIN) |
13419 |
| 245 10 - TITLE STATEMENT |
| Title |
Essential skills for managers of child-centred settings / |
| Statement of responsibility, etc. |
by Shelly Newstead and Emma Isles-Buck. |
| 250 ## - EDITION STATEMENT |
| Edition statement |
Third edition. |
| 264 #1 - PRODUCTION, PUBLICATION, DISTRIBUTION, MANUFACTURE, AND COPYRIGHT NOTICE |
| Place of production, publication, distribution, manufacture |
London : |
| Name of producer, publisher, distributor, manufacturer |
Routledge, |
| Date of production, publication, distribution, manufacture, or copyright notice |
2019. |
| 300 ## - PHYSICAL DESCRIPTION |
| Extent |
100 p. |
| Other physical details |
25 cm. |
| 653 ## - INDEX TERM--UNCONTROLLED |
| keyword |
ბავშვთა მოვლა |
| 653 ## - INDEX TERM--UNCONTROLLED |
| keyword |
ბავშვზე ორიენტირებული პარამეტრების მენეჯერებისთვის აუცილებელი უნარები |
| 653 ## - INDEX TERM--UNCONTROLLED |
| keyword |
Необходимые навыки для руководителей учреждений, ориентированных на ребенка |
| 700 1# - ADDED ENTRY--PERSONAL NAME |
| Personal name |
Isles-Buck, Emma |
| Relator term |
ავტორი |
| 9 (RLIN) |
13420 |
| 942 ## - ADDED ENTRY ELEMENTS (KOHA) |
| Source of classification or shelving scheme |
|
| Koha item type |
წიგნი |